| 000 | 00409 a2200157 4500 | ||
|---|---|---|---|
| 005 | 20250625100851.0 | ||
| 020 | _a978-0-618-46770-9 | ||
| 082 | _a371.8ELL | ||
| 100 | _aELLIS. D. | ||
| 245 | _aBecoming a Master Student, | ||
| 250 | _a11th Ed. | ||
| 260 |
_aNew York, _bHoughton Mifflin Company, _c2004. |
||
| 300 |
_axiii, 414p, ill,; figure, picture _bIndex _c27.5cm |
||
| 700 | _aTOFT.D. | ||
| 942 |
_2ddc _cBKS |
||
| 999 |
_c4997 _d4997 |
||